Les Rappeurs les plus détestés par les FR🇫🇷 - Statistiques

Statistiques générales
  • Ce quiz a été pris 486 fois
  • Le résultat moyen est 2 sur 8
Statistiques - réponses
Top Rappeurs % Correct
1 Jul
82%
6 Booba
71%
4 Lomepal
21%
3 So la lune
20%
7 Bigflo et Oli
15%
8 Freeze Corleone
15%
2 Hatik
8%
5 Zkr
4%
Aucun quiz correspondant
Distribution des résultats
% des personnes avec chaque résultat
Percentile par nombre de réponses
Votre historique - résultats
Vous n’avez pas pris ce quiz